000 00737nam a2200169 i 4500
001 151009
003 ES-MaACL
005 20230906203810.0
007 t|
008 071127s1923 sp ||||1| spa d
100 1 _aDel Vecchio, Giorgio.
_943273
245 1 0 _aConferencias pronunciadas en los días 9, 10, 12 y 14 de Abril de 1923, en el Salón de Grados de la Facultad de Derecho /
_cpor Giorgio del Vecchio.
260 _aMadrid :
_bUniversidad de Madrid,
_c1923.
300 _a29 p. ;
_c23 cm.
505 8 _aContiene: I. Filosofia del Derecho y esceptismo jurídico -- II. Fundamento racional del Derecho -- III. Evolución histórica del Derecho -- IV. Materialismo historico y progreso jurídico
852 _aES-MaACL
_j1661-F-7
999 _c151009
_d151009